000 00730nam a22002177a 4500
005 20240530110625.0
008 170103s2014 ua g 000 f ara d
017 _a2010/3528
_bمصر. دار الكتب
020 _a9789770927632
040 _aEG-CaGPL
_cEG-CaGPL
082 0 4 _221
_a813.03\
_bع أ
100 0 _aعزالدين شكرى فشير
245 1 0 _aابو عمر المصرى :
_bرواية /
_cعزالدين شكرى فشير
250 _aط. 3
260 _aالقاهرة :
_bدار الشروق ،
_c2014.
300 _a389 ص. ؛
_c19 سم.
650 0 7 _2qrmak
_aالادب العربى
650 0 7 _2qrmak
_aالقصص العربية
942 _2ddc
_cBK
999 _c63144
_d63144